zpět

Detail výsledku týmu

Infinity c&c bar, Zlín

Datum a čas kvízu

31 Celkem bodů Celkový počet nahraných bodů na tomto kvízu bez doplňovacích otázek.
3. Pořadí na kvízu Konečné umístění týmu na tomto kvízu.

Zaznamenané odpovědi

# Otázka Odpověď Body Výsledky
1. Český premiér Petr Fiala se mi... Etiopii 1
2. V úterý se v jisté evropské mo... Španělsko, princezna Leonor 0.5
3. V uplynulém týdnu zveřejnila Č... Klíč svatého Petra 0
4. Minulý týden otevřel jistý ame... Popeye's 1
5. Pokolikáté získal šestatřiceti... poosmé 0
-14. O které významné ženě 18. stol... o Marii Antoinettě 1
-13. Přívlastkové víno, k jehož výr... výběr z cibéb 0
-12. Jak se slovem začínajícím na p... enologie 1
-11. Seřaďte státy níže podle množs... 1A 2B 3C 4D 0
-10. Snaha zabránit plýtvání při zp... grappa 1